Déjenme en el paraíso

Uloženo v:
Podrobná bibliografie
Hlavní autor: Vulliamy, Luis (Autor)
Médium: Kniha
Jazyk:španělština
Vydáno: Santiago Universitaria 1969
Témata:
Tagy: Přidat tag
Žádné tagy, Buďte první, kdo vytvoří štítek k tomuto záznamu!

MARC

LEADER 00000nam a2200000 a 4500
001 UCQ6515
003 CL-VaPUC
008 981016e19690000CL |||||||||||||||||spa|d
082 0 4 |a Ch861  |b VUL  |2 21 
100 0 |a Vulliamy, Luis  |e author  |9 360236 
245 1 0 |a Déjenme en el paraíso 
300 |a 70 p 
942 |c BK 
945 |d 19981016 00:00:00  |a crobeson 
260 |a Santiago  |b Universitaria  |c 1969 
650 0 |a Poesías chilenas   |9 265280 
650 0 |a Literatura chilena   |9 308278 
583 |a last modification  |c 19981016 00:00:00  |k Rodrigo Vera 
999 |c 276467  |d 276465 
952 |0 0  |1 0  |4 0  |6 CH_861_000000000000000_VUL_1969  |7 0  |8 A  |9 313709  |a BIBEDU  |b BIBEDU  |d 2019-11-20  |i 1482599  |l 2  |o Ch861 VUL 1969  |p 1482599  |r 2024-04-01  |s 2024-04-01  |w 2019-11-20  |y BK  |k LIT